Αντιφασιστικά
Saved in:
| Main Author: | |
|---|---|
| Format: | Book |
| Language: | Greek |
| Published: |
Αθήνα :
Αργ. Παπαζήσης,
1945
|
| Subjects: | |
| Tags: |
Add Tag
No Tags, Be the first to tag this record!
|
MARC
| LEADER | 00000cam a2200000 i 4500 | ||
|---|---|---|---|
| 001 | 1/6358 | ||
| 008 | 000612s1945 gre d | ||
| 035 | |l 10061904 | ||
| 040 | |a GR-MY-UA |b gre |e aacr | ||
| 041 | 0 | |a gre | |
| 082 | 0 | |a 320.533 | |
| 100 | 1 | |a Τσιριμώκος, Ηλίας Ι., |d 1907-1968. | |
| 245 | 1 | 0 | |a Αντιφασιστικά / |c Ηλία Τσιριμώκου |
| 260 | |a Αθήνα : |b Αργ. Παπαζήσης, |c 1945 | ||
| 300 | |a τ. | ||
| 505 | 0 | |a Τ. 1. Πρόλογος 1945 - Τα προβλήματα της αντιφασιστικής πάλης χτες και σήμερα - Έλεγχος του αστικού ιδεαλισμού - Ο ώρες και ο πόλεμος - Ε.Σ.Σ.Δ. | |
| 650 | 0 | 0 | |a Fascism. |
| 650 | 0 | 0 | |a Speeches, addresses, etc. |
| 852 | |a INST |b LESVOS |e 20000612 |h 320.533 ΤΣΙ |p 005100020911 |q 005100020911 |t BK |y 0 | ||
| 901 | |a BIBL1-2000-2 | ||
| 909 | |a Λ |b 044348 | ||
| 970 | |z 2000/06/ΓΕΩΡΓΙΑ | ||